[Event "EU-chT U18"]
[Site "Terme Catez"]
[Date "2025.07.11"]
[Round "7.1"]
[White "Raczek, Krzysztof"]
[Black "Nemec, Jachym"]
[Result "1-0"]
[WhiteElo "2465"]
[BlackElo "2443"]
[PlyCount "67"]
[EventDate "2025.07.05"]
[EventType "team-swiss"]
[EventRounds "7"]
[EventCountry "SLO"]
[SourceTitle "CB29_2025"]
[SourceDate "2025.07.16"]
[SourceVersion "1"]
[SourceVersionDate "2025.07.16"]
[SourceQuality "1"]
[WhiteTeam "Poland"]
[BlackTeam "Czech Republic"]
[WhiteTeamCountry "POL"]
[BlackTeamCountry "CZE"]

1. Nf3 d5 2. d4 Nf6 3. c4 e6 4. Nc3 Nbd7 5. Bf4 c6 6. e3 Be7 7. Qc2 0-0 8. h4 a6 9. 0-0-0 b5 10. c5 a5 11. Ng5 h6 12. g4 Ba6 13. f3 b4 14. Na4 Bxf1 15. Rdxf1 Ra7 16. Rfg1 Qc8 17. Be5 Rb7 18. b3 Re8 19. f4 Bd8 20. Bxf6 Nxf6 21. Nf3 h5 22. gxh5 Nxh5 23. Qe2 Kf8 24. Ne5 g6 25. Qc2 Qc7 26. Nb6 Bf6 27. Nbd7+ Qxd7 28. Nxd7+ Rxd7 29. Rxg6 fxg6 30. Qxg6 Rg7 31. Qxh5 Ke7 32. Qe2 Reg8 33. Qa6 Bxh4 34. Qxc6 1-0

[Event "EU-chT U18"]
[Site "Terme Catez"]
[Date "2025.07.10"]
[Round "6.1"]
[White "Von Mettenheim, Johannes"]
[Black "Raczek, Krzysztof"]
[Result "0-1"]
[WhiteElo "2413"]
[BlackElo "2465"]
[PlyCount "96"]
[EventDate "2025.07.05"]
[EventType "team-swiss"]
[EventRounds "7"]
[EventCountry "SLO"]
[SourceTitle "CB29_2025"]
[SourceDate "2025.07.16"]
[SourceVersion "1"]
[SourceVersionDate "2025.07.16"]
[SourceQuality "1"]
[WhiteTeam "Germany"]
[BlackTeam "Poland"]
[WhiteTeamCountry "GER"]
[BlackTeamCountry "POL"]

1. d4 Nf6 2. g3 d5 3. Nf3 c5 4. Bg2 cxd4 5. 0-0 h6 6. b3 h5 7. c4 dxc3 8. Nxc3 Nc6 9. b4 e6 10. b5 Na5 11. e4 Be7 12. Qa4 Nc4 13. Rd1 Nb6 14. Qb3 0-0 15. Bf4 Qe8 16. Ng5 d4 17. Ne2 Ng4 18. Nf3 d3 19. Rxd3 Bc5 20. Bd6 Nd7 21. Bxf8 Bxf2+ 22. Kf1 Qxf8 23. Rxd7 Bxd7 24. h3 Bb6 25. hxg4 hxg4 26. Ne5 Qc5 27. Nd3 Qe3 28. a4 a5 29. Rc1 e5 30. Rc3 Be6 31. Qc2 Rd8 32. Nc5 Qh6 33. Qc1 Qf6+ 34. Ke1 g6 35. Qe3 Kh7 36. Nc1 Rd4 37. N1d3 Bc4 38. Qc1 Bxd3 39. Nxd3 Rxd3 40. Rxd3 Qf2+ 41. Kd1 Qg1+ 42. Kc2 Qxg2+ 43. Kb3 Bd4 44. Rd2 Qxg3+ 45. Kc4 Kg7 46. Qc2 Qa3 47. Kd5 g3 48. Rd3 Qxd3 0-1

[Event "EU-chT U18"]
[Site "Terme Catez"]
[Date "2025.07.09"]
[Round "5.1"]
[White "Dehtiarov, Roman"]
[Black "Raczek, Krzysztof"]
[Result "0-1"]
[WhiteElo "2416"]
[BlackElo "2465"]
[PlyCount "96"]
[EventDate "2025.07.05"]
[EventType "team-swiss"]
[EventRounds "7"]
[EventCountry "SLO"]
[SourceTitle "CB29_2025"]
[SourceDate "2025.07.16"]
[SourceVersion "1"]
[SourceVersionDate "2025.07.16"]
[SourceQuality "1"]
[WhiteTeam "Ukraine"]
[BlackTeam "Poland"]
[WhiteTeamCountry "UKR"]
[BlackTeamCountry "POL"]

1. e4 e5 2. Nf3 Nc6 3. Bb5 a6 4. Ba4 Bc5 5. 0-0 Nge7 6. c3 Ng6 7. d4 Ba7 8. Bg5 f6 9. Be3 0-0 10. d5 Nce7 11. d6 cxd6 12. Bxa7 Rxa7 13. Qxd6 b5 14. Bb3+ Kh8 15. a4 Bb7 16. axb5 Bxe4 17. Nbd2 Nc8 18. Qc5 Bd3 19. Rfe1 Bxb5 20. Ne4 Qe7 21. Qe3 Bc6 22. Ng3 d6 23. Bc2 Nf4 24. c4 Qb7 25. Be4 Bxe4 26. Nxe4 a5 27. b4 Qxb4 28. Reb1 Qxc4 29. Nxd6 Qa6 30. Nb5 Rd7 31. g3 Nd5 32. Qa3 Nce7 33. Qxa5 Qe6 34. Nh4 Rfd8 35. Rc1 Qg4 36. Ng2 h6 37. Qa4 Qe6 38. Qa6 Qf5 39. Qa4 Qh5 40. Qh4 Qf3 41. Ra3 Qe2 42. Qc4 Qh5 43. Raa1 Qh3 44. Qh4 Qf5 45. Re1 Qd3 46. Rab1 Rb7 47. Nc3 Rxb1 48. Nxb1 Rb8 0-1

[Event "POL-chT Ekstraliga"]
[Site "Chotowa"]
[Date "2025.06.10"]
[Round "9.4"]
[White "Raczek, Krzysztof"]
[Black "Moranda, Wojciech"]
[Result "1/2-1/2"]
[WhiteElo "2453"]
[BlackElo "2541"]
[PlyCount "26"]
[EventDate "2025.06.02"]
[EventType "team-tourn"]
[EventRounds "9"]
[EventCountry "POL"]
[SourceTitle "CB24_2025"]
[SourceDate "2025.06.11"]
[SourceVersion "1"]
[SourceVersionDate "2025.06.11"]
[SourceQuality "1"]
[WhiteTeam "Wroclaw Polonia"]
[BlackTeam "Pegow Wieza"]
[WhiteTeamCountry "POL"]
[BlackTeamCountry "POL"]

1. d4 Nf6 2. c4 e6 3. Nc3 Bb4 4. e3 0-0 5. Bd2 c5 6. a3 Bxc3 7. Bxc3 Ne4 8. Ne2 b6 9. d5 Bb7 10. f3 Nxc3 11. Nxc3 exd5 12. cxd5 d6 13. Bd3 Ba6 1/2-1/2

[Event "Katowice rapid op"]
[Site "Katowice"]
[Date "2025.05.31"]
[Round "2"]
[White "Raczek, Krzysztof"]
[Black "Rychlik, Michal"]
[Result "1/2-1/2"]
[WhiteElo "2409"]
[BlackElo "2002"]
[PlyCount "121"]
[EventDate "2025.05.31"]
[EventType "swiss"]
[EventRounds "11"]
[EventCountry "POL"]
[SourceTitle "CB24_2025"]
[SourceDate "2025.06.11"]
[SourceVersion "1"]
[SourceVersionDate "2025.06.11"]
[SourceQuality "1"]

1. Nf3 d6 2. d4 Nf6 3. g3 g6 4. Bg2 Bg7 5. 0-0 0-0 6. Re1 Nbd7 7. e4 e5 8. Nc3 c6 9. a4 Re8 10. a5 Rb8 11. b3 b5 12. axb6 axb6 13. Ba3 Bf8 14. Bb2 b5 15. h3 Qc7 16. Qd2 Nb6 17. Na2 c5 18. dxe5 dxe5 19. Nc3 b4 20. Nb5 Qc6 21. Na7 Qc7 22. Nxc8 Rbxc8 23. Qe2 c4 24. Ra6 c3 25. Bc1 Nfd7 26. Nh2 Nc5 27. Ra1 Ne6 28. Ng4 Bg7 29. Ne3 Nd4 30. Qd3 Rcd8 31. Nd5 Nxd5 32. exd5 f5 33. Be3 e4 34. Qxd4 Bxd4 35. Bxd4 Ra8 36. Bf1 Qd6 37. Be3 Ra3 38. Bf4 Qc5 39. Bc4 Rd8 40. Rad1 Rd6 41. Ra1 Kf8 42. Be3 Qc7 43. Bd4 Kf7 44. Bxc3 Qxc4 45. bxc4 Rxc3 46. Ra7+ Kf6 47. Rc7 Rxc2 48. Rb1 Ke5 49. Rxb4 Rxd5 50. Re7+ Kf6 51. cxd5 Kxe7 52. Rb7+ Kd6 53. Rxh7 Kxd5 54. h4 Ke5 55. Rf7 Ra2 56. Rf8 Rb2 57. Re8+ Kf6 58. Kg2 Kf7 59. Re5 Kf6 60. Re8 Kf7 61. Re5 1/2-1/2

[Event "Katowice rapid op"]
[Site "Katowice"]
[Date "2025.05.31"]
[Round "1"]
[White "Szopa, Emilia"]
[Black "Raczek, Krzysztof"]
[Result "0-1"]
[WhiteElo "1790"]
[BlackElo "2409"]
[PlyCount "80"]
[EventDate "2025.05.31"]
[EventType "swiss"]
[EventRounds "11"]
[EventCountry "POL"]
[SourceTitle "CB24_2025"]
[SourceDate "2025.06.11"]
[SourceVersion "1"]
[SourceVersionDate "2025.06.11"]
[SourceQuality "1"]

1. e4 g6 2. c3 Nf6 3. d3 Bg7 4. Be2 d6 5. h4 h6 6. Nh3 e5 7. f4 exf4 8. Bxf4 Nh5 9. Bxh5 Qxh4+ 10. g3 Qxh5 11. Qxh5 gxh5 12. Nf2 Nd7 13. Rxh5 Nf6 14. Rh4 h5 15. Nd2 a5 16. 0-0-0 Be6 17. b3 a4 18. Kb2 axb3 19. axb3 b5 20. d4 b4 21. c4 Ng4 22. Nxg4 Bxg4 23. Rdh1 Bxd4+ 24. Kc2 Kd7 25. Kd3 Bf6 26. R4h2 Ra3 27. Rb1 Re8 28. c5 dxc5 29. Nc4 Raa8 30. Be3 Kc6 31. Rf2 Red8+ 32. Kc2 Ra2+ 33. Nb2 Bc3 34. Kc1 f6 35. Bf4 Be6 36. Kc2 Ra3 37. Nd3 Rxb3 38. Rxb3 Bxb3+ 39. Kxb3 Rxd3 40. Kc4 Rd4+ 0-1

[Event "San Vicente op 9th"]
[Site "San Vicente"]
[Date "2025.04.21"]
[Round "9"]
[White "Raczek, Krzysztof"]
[Black "Zielonka, Adam"]
[Result "1/2-1/2"]
[WhiteElo "2448"]
[BlackElo "2357"]
[PlyCount "28"]
[EventDate "2025.04.16"]
[EventType "swiss"]
[EventRounds "9"]
[EventCountry "ESP"]
[SourceTitle "CB17_2025"]
[SourceDate "2025.04.23"]
[SourceVersion "1"]
[SourceVersionDate "2025.04.23"]
[SourceQuality "1"]

1. e4 c5 2. Nf3 Nc6 3. Nc3 e5 4. Bc4 Be7 5. d3 d6 6. h3 Nf6 7. Nh2 0-0 8. Nf1 Nd7 9. a3 Nb6 10. Ba2 Bg5 11. Ne3 Be6 12. 0-0 Qd7 13. Ned5 Bxc1 14. Rxc1 Ne7 1/2-1/2

[Event "San Vicente op 9th"]
[Site "San Vicente"]
[Date "2025.04.20"]
[Round "7"]
[White "Raczek, Krzysztof"]
[Black "Trigo Urquijo, Sergio"]
[Result "1-0"]
[WhiteElo "2448"]
[BlackElo "2354"]
[PlyCount "150"]
[EventDate "2025.04.16"]
[EventType "swiss"]
[EventRounds "9"]
[EventCountry "ESP"]
[SourceTitle "CB17_2025"]
[SourceDate "2025.04.23"]
[SourceVersion "1"]
[SourceVersionDate "2025.04.23"]
[SourceQuality "1"]

1. Nf3 Nf6 2. g3 b6 3. Bg2 Bb7 4. 0-0 g6 5. c4 Bg7 6. d4 0-0 7. d5 Na6 8. Nc3 Nc5 9. Nd4 e5 10. Nb3 d6 11. Nxc5 bxc5 12. a3 a5 13. Bd2 Qd7 14. b3 c6 15. Bg5 cxd5 16. Bxf6 Bxf6 17. Bxd5 Bxd5 18. Nxd5 Qd8 19. e4 Bg7 20. Nc3 Qd7 21. a4 Qc6 22. Qd3 f5 23. f3 Rab8 24. Nb5 Rf6 25. Rad1 Rbf8 26. exf5 gxf5 27. Qd5+ Qxd5 28. Rxd5 Rb8 29. f4 e4 30. Rfd1 Bf8 31. Nxd6 Bxd6 32. Rxd6 Rxd6 33. Rxd6 Rxb3 34. Rd5 Rb4 35. Rxc5 Rxa4 36. Rxf5 Ra1+ 37. Kf2 a4 38. c5 Rc1 39. Re5 a3 40. Re8+ Kf7 41. Ra8 Rc3 42. c6 Ke6 43. c7 Rxc7 44. Rxa3 Rc2+ 45. Ke3 Rxh2 46. Ra6+ Kf5 47. Ra5+ Kg6 48. g4 Rb2 49. Kxe4 Re2+ 50. Kf3 Rb2 51. Ra6+ Kg7 52. g5 Rb3+ 53. Kg4 Rb1 54. Ra7+ Kg8 55. Re7 Rb5 56. Kh5 Rb1 57. Kg4 Rb5 58. Re5 Rb1 59. Kf5 Kf7 60. Rc5 Rb7 61. Kg4 Rb1 62. Rc7+ Kg8 63. Rd7 Rb5 64. Kf3 Rb6 65. f5 Rb4 66. Re7 Ra4 67. f6 Rb4 68. Kg3 Ra4 69. Re8+ Kf7 70. Rh8 Kg6 71. Rg8+ Kf7 72. Rg7+ Ke6 73. Rxh7 Ra1 74. Re7+ Kd6 75. Kg4 Kd5 1-0

[Event "San Vicente op 9th"]
[Site "San Vicente"]
[Date "2025.04.17"]
[Round "3"]
[White "Raczek, Krzysztof"]
[Black "Garcia Martin, Marta"]
[Result "1/2-1/2"]
[WhiteElo "2448"]
[BlackElo "2323"]
[PlyCount "120"]
[EventDate "2025.04.16"]
[EventType "swiss"]
[EventRounds "9"]
[EventCountry "ESP"]
[SourceTitle "CB17_2025"]
[SourceDate "2025.04.23"]
[SourceVersion "1"]
[SourceVersionDate "2025.04.23"]
[SourceQuality "1"]

1. Nf3 d5 2. g3 Bg4 3. Bg2 c6 4. h3 Bh5 5. 0-0 Nd7 6. d4 e6 7. c4 Bd6 8. Nc3 Ngf6 9. Qb3 Rb8 10. e4 Nxe4 11. Nxe4 dxe4 12. Ng5 Nf6 13. Nxe4 Nxe4 14. Bxe4 0-0 15. Qd3 f5 16. Bf3 Bxf3 17. Qxf3 e5 18. c5 Bc7 19. dxe5 Bxe5 20. Re1 Qc7 21. Bd2 Rbe8 22. Re2 Qf7 23. Rae1 Bf6 24. Rxe8 Rxe8 25. Rxe8+ Qxe8 26. Qxf5 Bxb2 27. Be3 h6 28. Qg4 Qe7 29. Bxh6 Qxc5 30. Be3 Qe7 31. Qa4 Bf6 32. Qxa7 Qd7 33. h4 Kh7 34. Kh2 Qe7 35. Qb6 Be5 36. Kg1 Bd6 37. Qb1+ Kh8 38. Bg5 Qf7 39. Be3 b5 40. Qe4 Qd7 41. h5 Bf8 42. Kg2 Kg8 43. g4 c5 44. Bc1 Qf7 45. a3 b4 46. axb4 cxb4 47. Qd4 Qb7+ 48. Kg1 b3 49. Bb2 Qc6 50. Kf1 Qb5+ 51. Kg2 Qc6+ 52. Kg1 Qe6 53. Bc3 Qc6 54. Kf1 Qh1+ 55. Ke2 Qh2 56. Kf3 Qh1+ 57. Kg3 Qc6 58. Kh3 Qh1+ 59. Kg3 Qc6 60. Kh3 Qh1+ 1/2-1/2

[Event "San Vicente op 9th"]
[Site "San Vicente"]
[Date "2025.04.16"]
[Round "1"]
[White "Raczek, Krzysztof"]
[Black "Arnott, Jonathan"]
[Result "1-0"]
[WhiteElo "2448"]
[BlackElo "2080"]
[PlyCount "51"]
[EventDate "2025.04.16"]
[EventType "swiss"]
[EventRounds "9"]
[EventCountry "ESP"]
[SourceTitle "CB17_2025"]
[SourceDate "2025.04.23"]
[SourceVersion "1"]
[SourceVersionDate "2025.04.23"]
[SourceQuality "1"]

1. Nf3 f5 2. c4 Nf6 3. g3 d6 4. Bg2 e5 5. d3 Be7 6. b4 0-0 7. 0-0 Qe8 8. Nc3 Qh5 9. e3 g5 10. Nd2 Qh6 11. Nd5 Bd8 12. f4 c6 13. Nxf6+ Bxf6 14. Rb1 exf4 15. exf4 Bd4+ 16. Kh1 g4 17. Nb3 Bc3 18. d4 a5 19. Nxa5 b6 20. Qd3 Bxb4 21. Rxb4 Rxa5 22. Rxb6 Ba6 23. Qd2 Ra4 24. Qc2 Rxc4 25. Qb3 d5 26. Bxd5+ 1-0

[Event "EU-ch 25th"]
[Site "Eforie Nord"]
[Date "2025.03.25"]
[Round "10"]
[White "Raczek, Krzysztof"]
[Black "Hakobyan, Aram"]
[Result "1/2-1/2"]
[WhiteElo "2428"]
[BlackElo "2635"]
[PlyCount "135"]
[EventDate "2025.03.15"]
[EventType "swiss"]
[EventRounds "11"]
[EventCountry "ROU"]
[SourceTitle "CB13_2025"]
[SourceDate "2025.03.26"]
[SourceVersion "1"]
[SourceVersionDate "2025.03.26"]
[SourceQuality "1"]

1. d4 Nf6 2. c4 e6 3. Nc3 Bb4 4. e3 0-0 5. Bd2 d5 6. Nf3 Re8 7. Bd3 Nbd7 8. 0-0 dxc4 9. Bxc4 a6 10. a3 Bf8 11. Qe2 b5 12. Ba2 c5 13. e4 cxd4 14. Nxd4 Ne5 15. Rad1 b4 16. axb4 Qxd4 17. Bf4 Qxb4 18. Bxe5 Nd7 19. Bg3 Nc5 20. f3 Bd7 21. Bc4 Rec8 22. Bxa6 Rxa6 23. Rxd7 Rb6 24. Rd2 Nb3 25. Rd7 Nc5 26. Rd2 Nb3 27. Rd7 Na5 28. Rfd1 Nc4 29. Rd8 Rbc6 30. Rxc8 Rxc8 31. Rb1 h5 32. Be1 Qb3 33. h4 Bd6 34. g3 Be5 35. Kh2 Rb8 36. Nd1 Bd4 37. Nc3 Nxb2 38. Nd1 Rc8 39. Bc3 Bxc3 40. Nxc3 Rxc3 41. Rxb2 Qa3 42. Kg2 Kh7 43. Rc2 Rb3 44. Ra2 Qb4 45. Qd2 Qb6 46. Qa5 Rb2+ 47. Kh3 Qxa5 48. Rxa5 Kh6 49. g4 hxg4+ 50. Kxg4 Rg2+ 51. Kh3 Rg1 52. Kh2 Rb1 53. Kg3 Kg6 54. Rg5+ Kf6 55. Ra5 g6 56. Rc5 Rh1 57. Ra5 Kg7 58. Ra7 Kf6 59. Ra5 Rg1+ 60. Kf2 Rd1 61. Kg3 Rd7 62. h5 gxh5 63. Rxh5 Rd8 64. Ra5 Rg8+ 65. Kf4 Rd8 66. Rb5 Re8 67. Re5 Re7 68. Ra5 1/2-1/2

[Event "EU-ch 25th"]
[Site "Eforie Nord"]
[Date "2025.03.23"]
[Round "8"]
[White "Raczek, Krzysztof"]
[Black "Livaic, Leon"]
[Result "1/2-1/2"]
[WhiteElo "2428"]
[BlackElo "2562"]
[PlyCount "89"]
[EventDate "2025.03.15"]
[EventType "swiss"]
[EventRounds "11"]
[EventCountry "ROU"]
[SourceTitle "CB13_2025"]
[SourceDate "2025.03.26"]
[SourceVersion "1"]
[SourceVersionDate "2025.03.26"]
[SourceQuality "1"]

1. e4 c5 2. Nf3 d6 3. d4 cxd4 4. Nxd4 Nf6 5. Nc3 a6 6. Bd3 g6 7. f3 Bg7 8. Be3 Nbd7 9. Qd2 h5 10. h3 Qc7 11. 0-0 b5 12. Rae1 e5 13. Nde2 Bb7 14. a4 b4 15. Na2 a5 16. c3 b3 17. Nac1 d5 18. exd5 Nxd5 19. Nxb3 Nxe3 20. Qxe3 Bh6 21. Qf2 0-0 22. Ng3 Bd5 23. Nd2 f5 24. Bb5 Rad8 25. Rd1 Kh7 26. Ne2 Nc5 27. b4 Ne6 28. bxa5 Qxa5 29. Kh1 Nc7 30. Nc4 Bxc4 31. Rxd8 Rxd8 32. Bxc4 Nd5 33. Rb1 Ne3 34. Rb7+ Kh8 35. Bb3 Qa6 36. Rb5 Qd6 37. Qh4 Rd7 38. a5 Kh7 39. Rb6 Qd2 40. Qf6 Rg7 41. Bf7 Qe1+ 42. Kh2 Nf1+ 43. Kh1 Ne3+ 44. Kh2 Nf1+ 45. Kh1 1/2-1/2

[Event "EU-ch 25th"]
[Site "Eforie Nord"]
[Date "2025.03.20"]
[Round "6"]
[White "Raczek, Krzysztof"]
[Black "Ahmadzada, Ahmad Samir"]
[Result "1/2-1/2"]
[WhiteElo "2428"]
[BlackElo "2550"]
[PlyCount "43"]
[EventDate "2025.03.15"]
[EventType "swiss"]
[EventRounds "11"]
[EventCountry "ROU"]
[SourceTitle "CB13_2025"]
[SourceDate "2025.03.26"]
[SourceVersion "1"]
[SourceVersionDate "2025.03.26"]
[SourceQuality "1"]

1. e4 c5 2. Nf3 Nc6 3. Bb5 Nf6 4. Bxc6 dxc6 5. d3 Qc7 6. Nbd2 e5 7. b3 b5 8. Bb2 Bd6 9. h3 Nh5 10. Nh4 g6 11. Nf5 Bf8 12. g3 Ng7 13. Ne3 Ne6 14. h4 h5 15. a4 Bg7 16. axb5 cxb5 17. Nd5 Qd8 18. c4 0-0 19. Nf3 Nd4 20. Nxd4 cxd4 21. Ba3 Re8 22. f3 1/2-1/2

[Event "Stafford Wood Green"]
[Site "Stafford"]
[Date "2025.03.06"]
[Round "3"]
[White "Banerjee, Supratit"]
[Black "Raczek, Krzysztof"]
[Result "0-1"]
[WhiteElo "2250"]
[BlackElo "2428"]
[PlyCount "108"]
[EventDate "2025.03.05"]
[EventType "tourn"]
[EventRounds "9"]
[EventCountry "ENG"]
[EventCategory "8"]
[SourceTitle "CB11_2025"]
[SourceDate "2025.03.12"]
[SourceVersion "1"]
[SourceVersionDate "2025.03.12"]
[SourceQuality "1"]

1. e4 c5 2. Nf3 Nc6 3. d4 cxd4 4. Nxd4 Nf6 5. Nc3 e6 6. Be2 d6 7. g4 h6 8. Be3 a6 9. h4 Be7 10. Nxc6 bxc6 11. Qd2 e5 12. Rg1 Be6 13. g5 hxg5 14. hxg5 Ng4 15. 0-0-0 Nxe3 16. Qxe3 Rh3 17. Qd2 g6 18. f4 exf4 19. Qxf4 Qa5 20. Rd3 Qc5 21. Rdg3 a5 22. a3 Rb8 23. Bf1 Rh5 24. Be2 Rh2 25. R3g2 Rh3 26. Rg3 Kf8 27. Bd3 Kg7 28. Ne2 Rxg3 29. Qxg3 Qb6 30. b3 Qc5 31. Nf4 Bxb3 32. Kd2 Ba2 33. Ne2 Be6 34. Nf4 Bd7 35. Rg2 Rh8 36. Qe3 Qxe3+ 37. Kxe3 Rh1 38. Bc4 Ra1 39. Nd3 Rxa3 40. Kd2 Ra1 41. Nc1 Rb1 42. Bb3 a4 43. Bxa4 Rb4 44. Bb3 Rxe4 45. Nd3 Rg4 46. Rf2 Bxg5+ 47. Kc3 Bf6+ 48. Kd2 d5 49. Nc5 Bd4 50. Rxf7+ Kxf7 51. Nxd7 Ke7 52. Nb8 Kd6 53. Na6 Bb6 54. c3 Ba5 0-1

[Event "Titled Tuesday intern op 04th Feb Late"]
[Site "Chess.com INT"]
[Date "2025.02.04"]
[Round "10"]
[White "Hayrapetyan, Edgar"]
[Black "Raczek, Krzysztof"]
[Result "0-1"]
[WhiteElo "2137"]
[BlackElo "2428"]
[PlyCount "102"]
[EventDate "2025.02.04"]
[EventType "swiss (blitz)"]
[EventRounds "11"]
[EventCountry "USA"]
[SourceTitle "CB07_2025"]
[SourceDate "2025.02.12"]
[SourceVersion "1"]
[SourceVersionDate "2025.02.12"]
[SourceQuality "1"]

1. e4 c6 2. d4 d5 3. exd5 cxd5 4. Bd3 Nc6 5. c3 e5 6. dxe5 Nxe5 7. Bb5+ Nc6 8. Nf3 Nf6 9. h3 Be7 10. 0-0 0-0 11. Re1 h6 12. Be3 Re8 13. Nbd2 a6 14. Bf1 Bd6 15. Nb3 Qc7 16. Bc5 Rxe1 17. Qxe1 Bd7 18. Bxd6 Qxd6 19. Rd1 Rd8 20. Nbd4 Bc8 21. Nxc6 bxc6 22. Qe5 Kf8 23. Qxd6+ Rxd6 24. c4 Ke7 25. c5 Rd8 26. Nd4 Kd7 27. f3 Kc7 28. Rd3 Nd7 29. b4 a5 30. Ra3 axb4 31. Ra5 Bb7 32. Nc2 Ra8 33. Rxa8 Bxa8 34. Nxb4 Nxc5 35. Kf2 Na4 36. Ke3 c5 37. Nc2 Kd6 38. Kd2 d4 39. f4 Bd5 40. a3 g5 41. fxg5 hxg5 42. g3 Ke5 43. h4 gxh4 44. gxh4 c4 45. Nb4 c3+ 46. Kc1 Be4 47. h5 Nc5 48. Bc4 d3 49. h6 d2+ 50. Kd1 Na4 51. Bb3 Nb2+ 0-1

[Event "Titled Tuesday intern op 04th Feb Early"]
[Site "Chess.com INT"]
[Date "2025.02.04"]
[Round "11"]
[White "Maksimovic, Bojan"]
[Black "Raczek, Krzysztof"]
[Result "0-1"]
[WhiteElo "2505"]
[BlackElo "2428"]
[PlyCount "44"]
[EventDate "2025.02.04"]
[EventType "swiss (blitz)"]
[EventRounds "11"]
[EventCountry "USA"]
[SourceTitle "CB07_2025"]
[SourceDate "2025.02.12"]
[SourceVersion "1"]
[SourceVersionDate "2025.02.12"]
[SourceQuality "1"]

1. e4 c6 2. Nf3 d5 3. d3 dxe4 4. dxe4 Qxd1+ 5. Kxd1 Bg4 6. Be2 Bxf3 7. Bxf3 g6 8. Be2 Nd7 9. c3 h5 10. Kc2 Ngf6 11. f3 Bh6 12. Nd2 h4 13. a4 Nh5 14. a5 0-0-0 15. Rd1 Bf4 16. h3 Ne5 17. b3 Rd7 18. Ba3 Rhd8 19. Nc4 Ng3 20. Nxe5 Rd2+ 21. Rxd2 Rxd2+ 22. Kb1 Nxe2 0-1

[Event "Titled Tuesday intern op 04th Feb Late"]
[Site "Chess.com INT"]
[Date "2025.02.04"]
[Round "4"]
[White "Naroditsky, Daniel"]
[Black "Raczek, Krzysztof"]
[Result "0-1"]
[WhiteElo "2619"]
[BlackElo "2428"]
[PlyCount "230"]
[EventDate "2025.02.04"]
[EventType "swiss (blitz)"]
[EventRounds "11"]
[EventCountry "USA"]
[SourceTitle "CB07_2025"]
[SourceDate "2025.02.12"]
[SourceVersion "1"]
[SourceVersionDate "2025.02.12"]
[SourceQuality "1"]

1. d4 d5 2. Nc3 e6 3. Bf4 Nf6 4. Nb5 Bb4+ 5. c3 Ba5 6. a4 a6 7. b4 Nc6 8. bxa5 axb5 9. axb5 Nxa5 10. e3 Bd7 11. Bd3 Nc4 12. Bxc4 dxc4 13. Bg5 Bxb5 14. Ne2 Rxa1 15. Qxa1 0-0 16. f3 h6 17. Bh4 Qa8 18. Qb2 Nd5 19. e4 Nb6 20. 0-0 Bd7 21. Ra1 Qc8 22. Be7 Re8 23. Bc5 Na4 24. Qa3 b6 25. Be7 f6 26. Nf4 Kf7 27. Bb4 c5 28. dxc5 bxc5 29. Ba5 Qa6 30. Rd1 Bb5 31. Bc7 Qc6 32. Rb1 Rc8 33. Ba5 Ra8 34. Bb4 cxb4 35. Qxb4 Ba6 36. Kf1 Nc5 37. Ne2 Nd3 38. Qa5 Qc5 39. Qxc5 Nxc5 40. Rb6 e5 41. Rc6 Nd3 42. Rc7+ Kf8 43. Ng3 g6 44. h4 h5 45. Rc6 Ke7 46. Rc7+ Kf8 47. Rc6 Kf7 48. Rc7+ Kg8 49. Rc6 Kg7 50. Rc7+ Kh6 51. Rf7 Bc8 52. Rxf6 Ra1+ 53. Ke2 Ra2+ 54. Kf1 Nf4 55. Rc6 Rxg2 56. Nf5+ Bxf5 57. exf5 Rg3 58. Kf2 Rg2+ 59. Kf1 Kg7 60. Rxc4 Rc2 61. Rc7+ Kf6 62. fxg6 Kxg6 63. Rc8 Ne6 64. Ke1 Kf5 65. c4 Nd4 66. c5 Nxf3+ 67. Kd1 Rc4 68. c6 Nd4 69. c7 Ke4 70. Rh8 Rxc7 71. Rxh5 Kd5 72. Rh8 Rg7 73. h5 Rg1+ 74. Kd2 Rh1 75. h6 Ke4 76. h7 Rh2+ 77. Kc3 Rc2+ 78. Kb4 Rh2 79. Kc3 Ne2+ 80. Kc4 Nf4 81. Kc3 Rh3+ 82. Kc4 Rh6 83. Kc3 Rh1 84. Kc2 Rh3 85. Kd2 Nd5 86. Kc2 Rh2+ 87. Kb3 Rh3+ 88. Kc2 Nf6 89. Kd2 Nxh7 90. Ra8 Ng5 91. Ra4+ Kf5 92. Ra5 Ne4+ 93. Ke2 Rh2+ 94. Ke3 Rh3+ 95. Ke2 Nf6 96. Kf2 Rh4 97. Ke2 Rf4 98. Ra8 Rd4 99. Ra3 Nd5 100. Ra8 Ke4 101. Ra3 Nf4+ 102. Ke1 Rd3 103. Ra2 Re3+ 104. Kf1 Rf3+ 105. Ke1 Rh3 106. Ra4+ Kf5 107. Ra8 Rh2 108. Ra4 e4 109. Rc4 Nd3+ 110. Kd1 Nb2+ 111. Ke1 Nxc4 112. Kf1 e3 113. Ke1 Ke4 114. Kd1 Kd3 115. Ke1 Rh1# 0-1

[Event "Titled Tuesday intern op 04th Feb Late"]
[Site "Chess.com INT"]
[Date "2025.02.04"]
[Round "2"]
[White "Raczek, Krzysztof"]
[Black "Antoniou, Rafail"]
[Result "1-0"]
[WhiteElo "2428"]
[BlackElo "2041"]
[PlyCount "71"]
[EventDate "2025.02.04"]
[EventType "swiss (blitz)"]
[EventRounds "11"]
[EventCountry "USA"]
[SourceTitle "CB07_2025"]
[SourceDate "2025.02.12"]
[SourceVersion "1"]
[SourceVersionDate "2025.02.12"]
[SourceQuality "1"]

1. Nf3 e6 2. e3 c5 3. b3 Nf6 4. Bb2 a6 5. d4 d5 6. Nbd2 Nc6 7. a3 Bd6 8. Bd3 0-0 9. 0-0 b6 10. Ne5 Ne7 11. f4 Bb7 12. Qe2 Rc8 13. dxc5 Bxc5 14. b4 Bd6 15. Rad1 b5 16. Nb3 Ne4 17. Na5 Ba8 18. Bxe4 dxe4 19. c4 bxc4 20. Naxc4 Bd5 21. Nxd6 Qxd6 22. Bd4 Rfd8 23. Bc5 Qc7 24. Qxa6 Ra8 25. Qb6 Qxb6 26. Bxb6 Rdc8 27. Bc5 Nf5 28. Ra1 Ra4 29. Nd7 Rca8 30. Nb6 Rxa3 31. Nxa8 Rxa8 32. Rxa8+ Bxa8 33. Ra1 Bd5 34. b5 h5 35. b6 Nxe3 36. Bxe3 1-0

[Event "Titled Tuesday intern op 04th Feb Early"]
[Site "Chess.com INT"]
[Date "2025.02.04"]
[Round "4"]
[White "Raczek, Krzysztof"]
[Black "Grigoriants, Sergey"]
[Result "1-0"]
[WhiteElo "2428"]
[BlackElo "2550"]
[PlyCount "47"]
[EventDate "2025.02.04"]
[EventType "swiss (blitz)"]
[EventRounds "11"]
[EventCountry "USA"]
[SourceTitle "CB07_2025"]
[SourceDate "2025.02.12"]
[SourceVersion "1"]
[SourceVersionDate "2025.02.12"]
[SourceQuality "1"]

1. b3 d5 2. Bb2 c5 3. e3 Nf6 4. Nf3 g6 5. c4 dxc4 6. Bxc4 Bg7 7. 0-0 0-0 8. h3 a6 9. a4 Nc6 10. Qe2 Bf5 11. Rd1 Na5 12. d4 Nxc4 13. bxc4 cxd4 14. Nxd4 Bxb1 15. Raxb1 Qc7 16. Ba3 Rfd8 17. c5 e5 18. Nf3 Nd5 19. Qc4 Qc6 20. Ng5 b5 21. Qa2 h6 22. Nxf7 Kxf7 23. e4 b4 24. Bxb4 1-0

[Event "Titled Tuesday intern op 04th Feb Early"]
[Site "Chess.com INT"]
[Date "2025.02.04"]
[Round "3"]
[White "Raczek, Krzysztof"]
[Black "Sahil, Tickoo"]
[Result "1-0"]
[WhiteElo "2428"]
[BlackElo "2186"]
[PlyCount "69"]
[EventDate "2025.02.04"]
[EventType "swiss (blitz)"]
[EventRounds "11"]
[EventCountry "USA"]
[SourceTitle "CB07_2025"]
[SourceDate "2025.02.12"]
[SourceVersion "1"]
[SourceVersionDate "2025.02.12"]
[SourceQuality "1"]

1. b3 d5 2. Bb2 c6 3. e3 Nf6 4. Be2 Bf5 5. Nf3 e6 6. Nh4 Be4 7. d3 Bg6 8. 0-0 Be7 9. Nd2 a5 10. a3 0-0 11. c4 Re8 12. Ra2 Na6 13. Nxg6 hxg6 14. Qa1 Nc5 15. Rd1 a4 16. b4 Nb3 17. Qb1 Nxd2 18. Rxd2 dxc4 19. dxc4 Qxd2 20. Bd4 Qxa2 21. Qxa2 Red8 22. g3 Nd7 23. Qc2 Bf6 24. Bxf6 Nxf6 25. h4 Rd7 26. Kg2 Rad8 27. Bf3 Rd2 28. Qxa4 Ra2 29. g4 Rdd2 30. Qa8+ Kh7 31. Kg3 Rxf2 32. Qxb7 Rf1 33. g5 e5 34. gxf6 Rg1+ 35. Kh3 1-0